[Event "WchT 4th"]
[Site "Luzern"]
[Date "1997.10.29"]
[Round "5"]
[White "Onischuk, Alexander"]
[Black "Gallagher, Joseph G"]
[Result "1/2-1/2"]
[WhiteElo "2625"]
[BlackElo "2525"]

1.Nf3 Nf6 2.c4 g6 3.g3 Bg7 4.Bg2 O-O 5.Nc3 d6 6.d4 c6 7.O-O Qa5 8.h3 Be6
9.Nd2 Na6 10.a3 Qb6 11.e3 Rfd8 12.b4 d5 13.Na4 Qc7 14.b5 cxb5 15.cxb5 Nb8
16.Nc5 Bc8 17.Bb2 a6 18.a4 b6 19.Nd3 axb5 20.axb5 Rxa1 21.Bxa1 Bf5 22.Qb3 Bxd3
23.Qxd3 Rc8 24.Nb1 e6 25.Nc3 Bf8 26.Rb1 Nbd7 27.Bb2 Qc4 28.Qd1 Qb4 29.Ba1 Qa5
30.Qb3 Rc4 31.Bf1 Rb4 32.Qc2 Rxb1 33.Qxb1 Bb4 34.Qc1 Qa3 35.Bb2 Qb3 36.Bd3 h5
37.Kg2 Kf8 38.Qc2 Qxc2 39.Bxc2 Ne8 40.f3 Nd6 41.Bd3 Ne8 42.e4 Nc7 43.e5 Kg7
44.Ne2 Be7 45.h4 Kg8 46.Kh3 Kg7 47.Bc3 Kg8 48.Bd2 Kg7 49.g4 hxg4+ 50.fxg4 Ne8
51.Bf4 f6 52.exf6+ Bxf6 53.g5 Be7 54.Be5+ Kf7 55.Nf4 Nf8 56.h5 gxh5 57.g6+ Kg8
58.Nxh5 Nd7 59.Bf4 Nef6 60.Ng3 Kg7 61.Bg5 Bd6 62.Bh4 Bxg3 63.Kxg3 Ne4+ 64.Kf4 Kxg6
65.Bxe4+ dxe4 66.Kxe4 Kf7 67.Bd8 Ke8 68.Bc7 Ke7 69.Kf3 Kf6 70.Kf4 Kf7 71.Bd8 Ke8
72.Bc7 Kf7 73.Kg5 Nf6  1/2-1/2

[Event "EUCup final"]
[Site "Kazan"]
[Date "1997.12.29"]
[Round "2"]
[White "Ibragimov, Ildar"]
[Black "Onischuk, Alexander"]
[Result "0-1"]
[WhiteElo "2585"]
[BlackElo "2625"]

1.c4 Nf6 2.Nc3 e5 3.Nf3 Nc6 4.g3 Bc5 5.d3 d6 6.Bg2 h6 7.O-O O-O 8.a3 a5 9.e3 Bb6
10.b3 Bf5 11.h3 Qd7 12.Kh2 Rae8 13.Bb2 Bh7 14.Qd2 e4 15.dxe4 Nxe4 16.Nxe4 Bxe4
17.Qc3 f6 18.b4 Qf7 19.Rfd1 Re7 20.c5 dxc5 21.bxc5 Ba7 22.Rac1 b6 23.cxb6 Bxb6
24.Qc4 Qxc4 25.Rxc4 Rd8 26.Rxd8+ Nxd8 27.Nd2 Bxg2 28.Kxg2 Rd7 29.Nb3 Nb7
30.a4 Kf7 31.Kf3 h5 32.Ke2 Ke6 33.Rc2 c5 34.Nd2 Kd5 35.Nc4 Kc6 36.Ba3 Bc7
37.g4 hxg4 38.hxg4 Rd8 39.Rd2 Rh8 40.Kf3 Nd6 41.Nxd6 Bxd6 42.Bb2 Rb8 43.g5 fxg5
44.Kg4 Be7 45.Bxg7 Rb4+ 46.Kf5 Rxa4 47.e4 c4 48.Rc2 Rb4 49.e5 a4 50.Bf6 Bf8
51.e6 Rb5+ 52.Kg6 Kd5 53.e7 Bxe7 54.Bxe7 g4 55.Bf6 Rb3 56.Re2 c3 57.Kf5 a3
58.Kxg4 Rb2 59.Re5+ Kc4 60.f3 c2 61.Re8 Rb1 62.Rc8+ Kd3 63.Rd8+ Ke2 64.Re8+ Kf1
65.Rc8 c1=Q 66.Rxc1+ Rxc1 67.Kf5 Ke2 68.Ke4 Rc4+ 69.Kd5 Rf4  0-1

[Event "Bad Zwesten op"]
[Site "Bad Zwesten"]
[Date "1997.??.??"]
[Round "5"]
[White "Onischuk, Alexander"]
[Black "Epishin, Vladimir"]
[Result "1-0"]
[WhiteElo "2580"]
[BlackElo "2600"]

1.e4 c6 2.c4 d5 3.exd5 cxd5 4.cxd5 Nf6 5.Nc3 Nxd5 6.Nf3 e6 7.d4 Bb4 8.Bd2 Nc6
9.Bd3 O-O 10.O-O Be7 11.a3 Bf6 12.Qc2 Nxc3 13.bxc3 g6 14.Be4 Qc7 15.Qc1 Na5
16.Rb1 Nc4 17.Bf4 Qe7 18.Rb4 Nd6 19.Bxd6 Qxd6 20.Bxb7 a5 21.Rb2 Ra7 22.Be4 Ba6
23.c4 Qc7 24.Bd3 Bb7 25.Ne5 Bxe5 26.dxe5 Qxe5 27.Re1 Qd4 28.Bf1 Bc6 29.Rb3 Rd7
30.Rd3 Qc5 31.Rxd7 Bxd7 32.Qc3 f6 33.Qd3 Rf7 34.Rd1 Bc8 35.Qd8+ Kg7 36.Qe8 Rf8
37.Qa4 Qc7 38.Qb5 Rd8 39.Rxd8 Qxd8 40.c5 Qc7 41.c6 g5 42.Qc5 h5 43.Bd3 h4
44.Kf1 f5 45.g3 hxg3 46.hxg3 Kf6 47.Ke2 e5 48.Bc4 f4 49.Bd3 Kg7 50.gxf4 gxf4
51.Kf3 Be6 52.Ke4 Kf6 53.Kf3 Qd8 54.Qc3 Qg8 55.Ke2 Qg4+ 56.Ke1 Qf3 57.Qd2 Qh1+
58.Ke2 Bh3 59.Qxa5 e4 60.Qd8+ Kg7 61.Bc2  1-0

[Event "Credis"]
[Site "Biel"]
[Date "1997.??.??"]
[Round "1"]
[White "Hertneck, Gerald"]
[Black "Onischuk, Alexander"]
[Result "0-1"]
[WhiteElo "2525"]
[BlackElo "2625"]

1.d4 f5 2.Nf3 Nf6 3.Bg5 e6 4.Nbd2 Be7 5.e3 O-O 6.Bd3 d5 7.Bxf6 Bxf6 8.c3 b6
9.Qc2 c5 10.Ne5 Nd7 11.f4 Nxe5 12.dxe5 Bh4+ 13.g3 Be7 14.O-O-O c4 15.Be2 b5
16.Nf3 Qa5 17.a3 Qb6 18.Kd2 a5 19.Ra1 Bd7 20.Nd4 b4 21.g4 fxg4 22.Rhg1 h5
23.h3 Bc5 24.axb4 Bxd4 25.cxd4 Rxf4 26.Qc3 Rf2 27.bxa5 Qd8 28.hxg4 h4 29.g5 h3
30.e4 h2 31.Rg4 Rxa5 32.Rh1 Rb5 33.Ke1 Qf8 34.Qe3 Rxb2 35.Qxf2 Rb1+ 36.Kd2 Qxf2
37.Rxb1 Qxd4+  0-1

[Event "Credis"]
[Site "Biel"]
[Date "1997.??.??"]
[Round "8"]
[White "Onischuk, Alexander"]
[Black "Gallagher, Joseph G"]
[Result "1/2-1/2"]
[WhiteElo "2625"]
[BlackElo "2525"]

1.c4 g6 2.Nf3 Bg7 3.g3 d6 4.Bg2 Nf6 5.d4 O-O 6.O-O Nbd7 7.Nc3 e5 8.e4 exd4
9.Nxd4 a6 10.h3 Re8 11.Re1 Nc5 12.Rb1 h6 13.Kh2 Rb8 14.b4 Ne6 15.Be3 Nxd4
16.Bxd4 Be6 17.Nd5 b5 18.Rc1 c6 19.Nxf6+ Bxf6 20.cxb5 Rxb5 21.Rxc6 Rxb4 22.Be3 Rb2
23.Rxa6 Bg5 24.Re2 Rxe2 25.Qxe2 d5 26.f4 Be7 27.f5 gxf5 28.exf5 Bxf5 29.Qh5 Bg5
30.Bd4 Re6 31.Ra7 Bg6 32.Qf3 Bf6 33.Bxf6 Rxf6 34.Qxd5 Qxd5 35.Bxd5 Rf2+ 36.Kg1 Rd2
37.Bf3 Kg7 38.a4 Kf6 39.a5 Ra2 40.h4 Ke5 41.Be2 Kd4 42.Bf1 Ke3 43.Bg2 Be4
44.Bxe4 Kxe4 45.Rxf7 Rxa5 46.Rf4+ Ke5 47.h5 Ke6 48.g4 Ke7 49.Kg2 Ra3 50.Rf3 Rxf3
51.Kxf3  1/2-1/2

[Event "Bundesliga 9697"]
[Site "Germany"]
[Date "1997.??.??"]
[Round "?.1"]
[White "Onischuk, Alexander"]
[Black "Schlosser, Philipp"]
[Result "1/2-1/2"]
[WhiteElo "2580"]
[BlackElo "2560"]

1.e4 c6 2.c4 d5 3.exd5 cxd5 4.cxd5 Nf6 5.Nc3 Nxd5 6.Nf3 e6 7.d4 Bb4 8.Bd2 Nc6
9.Bd3 O-O 10.O-O Be7 11.a3 Bf6 12.Qc2 h6 13.Be3 Nce7 14.Ne4 b6 15.Rad1 Bb7
16.Rfe1 Rc8 17.Qe2 Ng6 18.Bb1 Re8 19.Qd2 Be7 20.Ng3 Nxe3 21.fxe3 Nh4 22.Rf1 Nxf3+
23.gxf3 Ba6 24.Rf2 Qd5 25.Kh1 Qa5 26.Qxa5 bxa5 27.Bd3 Bxd3 28.Rxd3 Rc1+ 29.Kg2 Rb8
30.Ne4 Rb1 31.Rdd2 Rb3 32.Rfe2 Rc1 33.Nf2 Kf8 34.Rd3 Rb8 35.Rd1 Rc7 36.Nd3 Ke8
37.Rc1 Rxc1 38.Nxc1 Rc8 39.Nd3 Bd6 40.f4 g5 41.Kf3 Ke7 42.fxg5 hxg5 43.Rg2 Rh8
44.Rxg5 Rh3+ 45.Ke2 Rxh2+ 46.Kd1 Bc7 47.Rc5 Bb6 48.Rc2 Rh3 49.Kd2 f6 50.Nf4 Rh2+
51.Kd3 Rxc2 52.Kxc2 e5 53.dxe5 fxe5 54.Nd5+ Kd6 55.e4 Kc5 56.Kd3 Kb5 57.Nc3+ Kc5
58.b3 Bd8 59.Na4+ Kb5 60.Nb2 Bb6 61.Nc4 Bc7 62.Kc3 Kc5 63.Nb2 Bd6 64.Nd3+ Kb5
65.a4+ Kb6 66.Kc4 Kc6 67.Ne1 Bb4 68.Nf3 Bd6 69.Ng5 Bb8 70.Ne6 Kd6 71.Ng7 Kc6
72.Nf5 a6 73.Ne7+ Kd7 74.Nd5 Bd6 75.Nf6+ Kc6 76.Ng4 Bc7 77.Nf2 Bb8 78.Nd3 Bd6
79.Kc3 Kd7 80.Kc2 Kc6 81.Kd1 Kd7 82.Kd2 Ke6 83.Ke2 Kf6 84.Nb2 Ke6 85.Ke3 Bc7
86.Nc4 Kf6 87.Kf3 Kg5 88.Ne3 Bd6 89.Nd5 Kg6 90.Kg4 Bb8 91.b4 axb4 92.Nxb4 Bd6
93.Nxa6 Kf6 94.Kf3 Ke6 95.Ke3 Kd7 96.Kd3 Kc6 97.Kc4 Kb6 98.Kd5 Ba3 99.Nb8 Ka5
100.Nc6+ Kxa4 101.Nxe5 Bb2 102.Nc6 Bg7 103.Nd4 Ka5 104.Kc5 Ka6 105.Ne6 Be5
106.Kd5 Bf6 107.Kc6 Ka7 108.Nc5 Bd4 109.Nd7 Ka8 110.Kd5 Bc3 111.Kc6 Bd4 112.Kc7 Ka7
113.Nf8 Be5+ 114.Kc6 Bc3  1/2-1/2

[Event "Bundesliga 9697"]
[Site "Germany"]
[Date "1997.??.??"]
[Round "?.1"]
[White "Onischuk, Alexander"]
[Black "Rogers, Ian"]
[Result "1-0"]
[WhiteElo "2580"]
[BlackElo "2600"]

1.c4 Nf6 2.Nc3 c5 3.g3 g6 4.Bg2 Bg7 5.Nf3 O-O 6.d4 d6 7.O-O Nc6 8.d5 Na5
9.Nd2 a6 10.Qc2 Rb8 11.a4 e6 12.b3 exd5 13.cxd5 Bf5 14.e4 Bd7 15.Bb2 b5 16.axb5 axb5
17.h3 Re8 18.Rfc1 Ra8 19.Nd1 Qb6 20.Ne3 Ra6 21.Bc3 Rea8 22.Bf1 h5 23.Qb2 Ne8
24.Bxg7 Nxg7 25.e5 dxe5 26.Qxe5 Re8 27.Qf4 Nb7 28.Rxa6 Qxa6 29.Ne4 Nf5 30.d6 Rxe4
31.Qxe4 Nbxd6 32.Qd3 Nxe3 33.Qxe3 c4 34.bxc4 Nxc4 35.Qd4 Bc6 36.Bxc4 bxc4
37.Rxc4 Kh7 38.Kh2 Qb7 39.Rb4 Qd7 40.Qxd7 Bxd7 41.Rb6 Kg7 42.h4 Bf5 43.Kg2 Be4+
44.Kf1 Bd3+ 45.Ke1 Bc4 46.Kd2 Ba2 47.Ke3 Bd5 48.Kd4 Ba2 49.Ke5 Bc4 50.Kd6 Kf6
51.Rb4 Be6 52.Rf4+ Kg7 53.Ke7 Bb3 54.Rf6 Bc4 55.f4 Bb3 56.f5 Bc4 57.fxg6 fxg6
58.Rf4 Bb3 59.Kd6 g5 60.Rb4 Bc2 61.hxg5 Kg6 62.Rb5 Bd3 63.Re5 Bf5 64.Re8 Kxg5
65.Ke5 Bh7 66.Rh8 Kg6 67.Kf4 Kh6 68.Rd8 h4 69.g4  1-0

[Event "World Cities"]
[Site "Jakarta "]
[Date "1997.??.??"]
[Round "2"]
[White "Mariano, Nelson"]
[Black "Onischuk, Alexander"]
[Result "1/2-1/2"]
[WhiteElo "2490"]
[BlackElo "2625"]

1.e4 e5 2.Nf3 Nc6 3.Bb5 a6 4.Ba4 Nf6 5.O-O Bc5 6.c3 b5 7.Bc2 d5 8.d4 dxe4
9.Nxe5 Nxe5 10.dxe5 Qxd1 11.Rxd1 Ng4 12.Bxe4 Nxf2 13.Bc6+ Ke7 14.Rd5 Bb6
15.Bxa8 Nd3+ 16.Kf1 Nxc1 17.Na3 Be6 18.Rxc1 Rxa8 19.Rd3 Bf5 20.Rdd1 Bg4 21.Rd3 Bf5
22.Rdd1 Bg4  1/2-1/2

[Event "World Cities"]
[Site "Jakarta "]
[Date "1997.??.??"]
[Round "3"]
[White "Onischuk, Alexander"]
[Black "Majella, Yoseph R"]
[Result "1/2-1/2"]
[WhiteElo "2625"]
[BlackElo "2165"]

1.e4 e6 2.d4 d5 3.Nd2 Nf6 4.e5 Nfd7 5.Bd3 c5 6.c3 Nc6 7.Ne2 cxd4 8.cxd4 f6
9.exf6 Nxf6 10.O-O Bd6 11.Nf3 Qc7 12.Bg5 O-O 13.Rc1 Ng4 14.h3 Rxf3 15.gxf3 Nh2
16.Kg2 Nxf1 17.Qxf1 Qf7 18.Bh4 Bd7 19.Bg3 e5 20.Bb5 Rf8 21.Bxc6 bxc6 22.Ng1 Qg6
23.dxe5 Bxe5 24.Qe2 Bf4 25.Re1 Re8 26.Qd1 Rxe1 27.Qxe1 Kf7 28.Qc3 Bg5 29.Qa5 Qe6
30.Qxa7 Bf6 31.a4 d4 32.a5 d3 33.Bf4 Qd5 34.Bd2 Bg5 35.Bxg5 Qxg5+ 36.Kf1 Qc1+
37.Kg2 Ke7 38.Qd4 Qg5+ 39.Kf1 Qc1+ 40.Kg2  1/2-1/2

[Event "World Cities"]
[Site "Jakarta "]
[Date "1997.??.??"]
[Round "5"]
[White "Onischuk, Alexander"]
[Black "Sitanggang, Salor"]
[Result "0-1"]
[WhiteElo "2625"]
[BlackElo "2410"]

1.c4 Nf6 2.Nc3 d6 3.d4 g6 4.Nf3 Bg7 5.g3 O-O 6.Bg2 Nc6 7.d5 Na5 8.Nd2 c5
9.O-O a6 10.a4 Bd7 11.Qc2 Qc8 12.b3 Bf5 13.e4 Bh3 14.Bb2 Bxg2 15.Kxg2 e5
16.Ne2 b6 17.h3 Nd7 18.f4 f6 19.Nf3 Qe8 20.f5 Qe7 21.Bc3 Nb7 22.Bd2 Qf7 23.fxg6 hxg6
24.Ng5 Qe8 25.Ne6 Rf7 26.a5 bxa5 27.Bxa5 Nxa5 28.Rxa5 Nf8 29.Nxg7 Kxg7 30.g4 Nh7
31.Ng3 Qd7 32.Qc3 Qc8 33.b4 cxb4 34.Qxb4 Rb7 35.Qc3 Ng5  0-1

[Event "World Cities"]
[Site "Jakarta "]
[Date "1997.??.??"]
[Round "6"]
[White "Onischuk, Alexander"]
[Black "Novikov, Igor A"]
[Result "1/2-1/2"]
[WhiteElo "2625"]
[BlackElo "2590"]

1.c4 e6 2.Nf3 d5 3.b3 Be7 4.Bb2 Bf6 5.d4 dxc4 6.bxc4 c5 7.e3 Nc6 8.Na3 Nge7
9.Be2 cxd4 10.exd4 Qa5+ 11.Qd2 Qxd2+ 12.Nxd2 O-O 13.Rd1 Rd8 14.Kf1 Nf5 15.Nc2 b6
16.Rb1 Ba6  1/2-1/2

[Event "World Cities"]
[Site "Jakarta "]
[Date "1997.??.??"]
[Round "9"]
[White "Onischuk, Alexander"]
[Black "Rogers, Ian"]
[Result "1/2-1/2"]
[WhiteElo "2625"]
[BlackElo "2570"]

1.e4 c6 2.c4 d5 3.exd5 cxd5 4.cxd5 Qxd5 5.Nc3 Qd8 6.d4 e6 7.Nf3 Nf6 8.Bd3 Be7
9.Bg5 Nc6 10.O-O O-O 11.Rc1 b6 12.Re1 Bb7 13.Bb1 Rc8 14.a3 g6 15.Qd3 Re8
16.Ba2 Nd5 17.Bxd5 Bxg5 18.Nxg5 Qxg5 19.Bf3 Red8 20.Qe3 Qxe3 21.fxe3 Na5
22.Bxb7 Nxb7 23.Nb5 a6 24.Na7 Rxc1 25.Rxc1 Nd6 26.Rc6 Nf5 27.Rxb6 Nxe3 28.Nc6 Ra8
29.Rb7 a5 30.a4 Ra6 31.Ne5 Rd6 32.Kf2 Nf5 33.g4 Nh6 34.g5 Nf5 35.Ng4 Rxd4
36.Rb8+ Kg7 37.Nf6 Ne7 38.Ne8+ Kf8 39.Nf6+ Kg7 40.Ne8+  1/2-1/2

[Event "World Cities"]
[Site "Jakarta "]
[Date "1997.??.??"]
[Round "10"]
[White "Onischuk, Alexander"]
[Black "Suradiradja, Herman"]
[Result "1-0"]
[WhiteElo "2625"]
[BlackElo "2250"]

1.c4 Nf6 2.Nf3 g6 3.g3 Bg7 4.Nc3 O-O 5.Bg2 d6 6.O-O e5 7.d3 c6 8.e4 Re8 9.Re1 a5
10.a3 Nbd7 11.Rb1 Nc5 12.b4 axb4 13.axb4 Ne6 14.h3 Nd7 15.Ne2 Ndf8 16.Bb2 Ng5
17.Nxg5 Qxg5 18.d4 Ne6 19.d5 cxd5 20.Qxd5  1-0

[Event "WchT 4th"]
[Site "Luzern"]
[Date "1997.??.??"]
[Round "7"]
[White "Onischuk, Alexander"]
[Black "Irzhanov, Ruslan"]
[Result "1-0"]
[WhiteElo "2625"]
[BlackElo "2535"]

1.e4 g6 2.d4 Bg7 3.Nc3 d6 4.Be3 c6 5.h4 h5 6.Nh3 Nf6 7.f3 b5 8.Ng5 Qa5 9.a3 Nbd7
10.Be2 a6 11.O-O Qc7 12.Qd2 O-O 13.Nd1 e5 14.c3 d5 15.Nf2 dxe4 16.fxe4 c5
17.d5 c4 18.a4 Bb7 19.axb5 axb5 20.Rxa8 Rxa8 21.g4 hxg4 22.Nxg4 Rf8 23.Nxf6+ Nxf6
24.Qd1 Bc8 25.Bf3 Bd7 26.Qe2 Nh7 27.Nxh7 Kxh7 28.h5 Qd8 29.Bg4 Bxg4 30.Qxg4 Qd6
31.Bg5 gxh5 32.Qxh5+ Kg8 33.Kg2 f6 34.Be3 Rf7 35.Qf5 b4 36.Ra1 bxc3 37.bxc3 Qb8
38.Kf3 Qb2 39.Qc8+ Bf8 40.Rg1+ Kh8 41.Qh3+ Rh7 42.Qe6  1-0

[Event "New York op"]
[Site "New York"]
[Date "1997.??.??"]
[Round "?"]
[White "Onischuk, Alexander"]
[Black "Kharlov, Andrei"]
[Result "1-0"]
[WhiteElo "2580"]
[BlackElo "2555"]

1.c4 e6 2.Nf3 d5 3.b3 Nf6 4.Bb2 a5 5.e3 a4 6.bxa4 Nbd7 7.Nc3 Be7 8.d4 c6
9.Bd3 Qa5 10.O-O Nb6 11.Nd2 Nxa4 12.Nxa4 Qxa4 13.Qe2 Bb4 14.Rfc1 O-O 15.a3 Be7
16.e4 dxe4 17.Nxe4 Nxe4 18.Qxe4 f5 19.Qe2 Bf6 20.c5 Bd7 21.Rc4 Qa7 22.Rb4 Rae8
23.Re1 Re7 24.Qc2 Bc8 25.Bc4 Kh8 26.Rb3 e5 27.dxe5 Qxc5 28.a4 Bg5 29.Ba3 Qa5
30.Bb4 Qxa4 31.Qc3 b5 32.Ra3 Qxb4 33.Qxb4 bxc4 34.f4  1-0

[Event "New York op"]
[Site "New York"]
[Date "1997.??.??"]
[Round "?"]
[White "Onischuk, Alexander"]
[Black "Rozentalis, Eduardas"]
[Result "1/2-1/2"]
[WhiteElo "2580"]
[BlackElo "2650"]

1.e4 e5 2.Nf3 Nf6 3.Nc3 Nc6 4.g3 Bb4 5.Bg2 O-O 6.O-O Bxc3 7.bxc3 d6 8.d3 h6
9.Rb1 b6 10.h3 Be6 11.c4 a6 12.Kh2 Rb8 13.Be3 b5 14.cxb5 axb5 15.a3 Ne8  1/2-1/2

[Event "New York op"]
[Site "New York"]
[Date "1997.??.??"]
[Round "?"]
[White "Gurevich, Dmitry"]
[Black "Onischuk, Alexander"]
[Result "1/2-1/2"]
[WhiteElo "2580"]
[BlackElo "2580"]

1.d4 f5 2.Nf3 Nf6 3.Bg5 e6 4.Nbd2 Be7 5.Bxf6 Bxf6 6.e4 d6 7.c3 O-O 8.Qc2 Nc6
9.Bd3 d5 10.exf5 exf5 11.O-O-O g6 12.h4 h5 13.Rde1 Qd6 14.Rh3 Bd7 15.Rg3 Bg7
16.Qb3 a5 17.Ne5 a4 18.Qd1 Nxe5 19.Rxe5 a3 20.Rxd5 axb2+ 21.Kb1 Qe6 22.Re3 Qxd5
23.Bc4 Bc6 24.Re7 b5 25.Bxd5+ Bxd5 26.Nb3 Rfe8 27.Rxc7 Bc4 28.Rxc4 bxc4 29.Nd2 Ra3
30.Kxb2 Rea8 31.Nxc4 Rxa2+ 32.Kb3 Rxf2 33.Nd6 Rxg2 34.Qf3 Rga2 35.Qd5+ Kh7
36.Nf7 Bf6 37.Qe6 R2a6 38.Nd6 Bg7 39.Qd7 R8a7 40.Qd8 Ra8 41.Qc7 R6a7 42.Qc5 Ra3+
43.Kc2 Ra2+ 44.Kd3 Rf8 45.Qc7 f4 46.Nf7 Rg2 47.Qxf4 Kg8 48.Nh6+ Kh7 49.Nf7 Kg8
50.Nh6+ Kh7  1/2-1/2

[Event "New York op"]
[Site "New York"]
[Date "1997.??.??"]
[Round "?"]
[White "Kaufman, Larry C"]
[Black "Onischuk, Alexander"]
[Result "0-1"]
[WhiteElo "2405"]
[BlackElo "2580"]

1.Nf3 f5 2.d4 Nf6 3.Bg5 d5 4.Bxf6 exf6 5.e3 Be6 6.Bd3 Bd6 7.Nc3 Nc6 8.Ne2 Ne7
9.c3 Qd7 10.Qc2 c6 11.O-O-O b5 12.Kb1 a5 13.h3 h5 14.Nh4 g5 15.Nf3 b4 16.h4 g4
17.Nd2 a4 18.cxb4 Bxb4 19.Nf4 Bf7 20.Nf1 Rb8 21.Ka1 a3 22.b3 c5 23.Ng3 cxd4
24.exd4 Qd6 25.Qc1 Kf8 26.Nxf5 Nxf5 27.Bxf5 Kg7 28.Nd3 Ba5 29.f3 Rhe8 30.fxg4 hxg4
31.Bxg4 Re4 32.Nf2 Qg3 33.Nxe4 dxe4 34.d5 Qxg4 35.Qc5 Qe2 36.Qxa3 Bc3+ 37.Kb1 Ra8  0-1

[Event "New York op"]
[Site "New York"]
[Date "1997.??.??"]
[Round "2"]
[White "Alzate, Dario"]
[Black "Onischuk, Alexander"]
[Result "0-1"]
[WhiteElo "2360"]
[BlackElo "2580"]

1.d4 Nf6 2.c4 e6 3.Nf3 b6 4.a3 Ba6 5.e3 Be7 6.Bd3 d5 7.cxd5 Bxd3 8.Qxd3 exd5
9.Nc3 O-O 10.O-O Nbd7 11.Rd1 c6 12.Bd2 Re8 13.Re1 Bf8 14.b4 a5 15.b5 c5 16.a4 c4
17.Qc2 Bb4 18.Na2 Qe7 19.Rab1 Bd6 20.Nc3 h6 21.Re2 Qe6 22.Be1 Ne4 23.Nxe4 dxe4
24.Nd2 Rac8 25.f3 exf3 26.gxf3 Nf6 27.Bg3 Bxg3 28.hxg3 c3 29.Nf1 Nd5 30.Qa2 Qf5
31.Kg2 Nb4 32.Rxb4 axb4 33.e4 Qf6 34.d5 Qd4 35.Ne3 Qd3 36.Kf2 c2 37.Rxc2 b3
38.Rxc8 Rxc8 39.Qa3 Qd2+  0-1

[Event "Tilburg Fontys"]
[Site "Tilburg"]
[Date "1997.??.??"]
[Round "5"]
[White "Onischuk, Alexander"]
[Black "Leko, Peter"]
[Result "1/2-1/2"]
[WhiteElo "2625"]
[BlackElo "2635"]

1.e4 c5 2.Nf3 d6 3.d4 cxd4 4.Nxd4 Nf6 5.Nc3 e6 6.Be2 Be7 7.O-O O-O 8.Be3 Nc6
9.Kh1 Nxd4 10.Bxd4 e5 11.Be3 Be6 12.f4 exf4 13.Rxf4 Ne8 14.Bd4 Bg5 15.Rf1 Bf6
16.Bxf6 Nxf6 17.Qd4 Qe7 18.Rad1 Rfd8 19.Rd3 Ne8 20.Rdf3 a6 21.Bc4 Nf6 22.Bxe6 fxe6
23.e5 dxe5 24.Qxe5 Rac8 25.Re3 Rd2 26.Re2 Rxe2 27.Qxe2 e5 28.Ne4 Nxe4 29.Qxe4 h6
30.h3 Qe6 31.Rd1 b5 32.Rd5 Re8 33.b3 Qf6 34.Kg1 Qb6+ 35.Kh2 Qf6 36.c4 bxc4
37.Qxc4 Kh8 38.Qe4 Qf2 39.Ra5 Re6 40.Ra4 Qd2 41.Rc4 Qd7 42.b4 Kg8 43.a3 Kh8
44.Rc5 Re8 45.Rc3 Re6 46.Rd3 Rd6 47.Rf3 Qe8 48.Rf5 Re6 49.Kg1 Kg8 50.Rf3 Qd7
51.Rc3 Qd1+ 52.Kh2 Qd7 53.Qd3 Qxd3 54.Rxd3 e4 55.Rd8+ Kf7 56.Kg1 Rc6 57.Rd4 Rc1+
58.Kf2 Ra1 59.Ke3  1/2-1/2

[Event "Tilburg Fontys"]
[Site "Tilburg"]
[Date "1997.??.??"]
[Round "6"]
[White "Piket, Jeroen"]
[Black "Onischuk, Alexander"]
[Result "1/2-1/2"]
[WhiteElo "2630"]
[BlackElo "2625"]

1.d4 Nf6 2.Nf3 e6 3.g3 d5 4.Bg2 c5 5.O-O Nc6 6.c4 dxc4 7.Ne5 Bd7 8.Na3 Nd5
9.Nxd7 Qxd7 10.dxc5 Bxc5 11.Nxc4 O-O 12.Be3 Be7 13.Qb3 Nxe3 14.Qxe3 Rfd8
15.Rac1 Bf6 16.a3 h6 17.h4 Rac8 18.Bxc6 Rxc6 19.Ne5 Bxe5 20.Qxe5 a6 21.b4 b5
22.Rc5 Qd6 23.Qxd6  1/2-1/2

[Event "Tilburg Fontys"]
[Site "Tilburg"]
[Date "1997.??.??"]
[Round "7"]
[White "Onischuk, Alexander"]
[Black "Kramnik, Vladimir"]
[Result "1/2-1/2"]
[WhiteElo "2625"]
[BlackElo "2770"]

1.e4 e6 2.d4 d5 3.Nd2 c5 4.exd5 exd5 5.Ngf3 Nf6 6.Be2 Nc6 7.O-O Be7 8.dxc5 Bxc5
9.Nb3 Bb6 10.Bg5 O-O 11.c3 Re8 12.Bh4 h6 13.Re1 g5 14.Bg3 Ne4 15.Nfd4 f5
16.Bh5 Rf8 17.h3 Nxg3 18.fxg3 Qd6 19.Qd3 Ne5 20.Qe3 Nc4 21.Qe7 Qxe7 22.Rxe7 Nd6
23.g4 fxg4 24.hxg4 Ne4 25.Rf1 Nf6 26.a4 a5 27.Rf3 Ra6 28.Kh1 Bd8 29.Re1 Nxh5
30.gxh5 Rxf3 31.gxf3 Kf7 32.Nc5 Rb6 33.Nd3 Bf6 34.Ne5+ Kg7 35.b3 Rd6 36.Kg2 Rd8
37.Ng4 Bxd4 38.cxd4 Bxg4 39.fxg4 Kf6 40.Re5 Kf7 41.Kf3  1/2-1/2

[Event "Tilburg Fontys"]
[Site "Tilburg"]
[Date "1997.??.??"]
[Round "8"]
[White "Van Wely, Loek"]
[Black "Onischuk, Alexander"]
[Result "1/2-1/2"]
[WhiteElo "2655"]
[BlackElo "2625"]

1.d4 Nf6 2.c4 e6 3.Nf3 b6 4.a3 Bb7 5.Nc3 d5 6.Bg5 Be7 7.Qa4+ c6 8.Bxf6 Bxf6
9.cxd5 exd5 10.g3 O-O 11.Bg2 c5 12.Rd1 Qe7 13.O-O Rd8 14.e3 Na6 15.Rfe1 Nc7
16.h4 Ne6 17.Nh2 h5 18.Qb3 Qd7 19.dxc5 Nxc5 20.Qc2 Qe6 21.Nf3 Ne4 22.Ne2 Rac8
23.Qb3 g6 24.Nfd4 Qe7 25.Nf4 Kh7 26.Nde2 Qe5 27.Nd3 Qc7 28.Rc1 Qe7 29.Rxc8 Rxc8
30.Nef4 Rd8 31.Qa4 a6 32.Qb3 b5 33.Nb4 Qe5 34.Rd1 Nc5 35.Qc2 Ne6 36.Nbd3 Qc7
37.Qxc7 Nxc7 38.Rc1 Ne8 39.b4 Ba8 40.Nc5 d4 41.exd4 Bxd4 42.Nxa6 Bb2 43.Rc5 Rd1+
44.Kh2 Bxg2 45.Kxg2 Nd6 46.Rc7 Bxa3 47.Rd7 Kg8 48.Nh3 Rd2 49.Ng5 Nc4 50.Rxf7 Ne3+
51.Kf3 Ng4 52.Ne4 Rxf2+ 53.Nxf2 Kxf7 54.Nxg4 hxg4+ 55.Kxg4 Kg7 56.Kf3 Kh6
57.g4 Kg7 58.Ke4 Kf7 59.Kd5 Kf6 60.Kd6 Kf7 61.Kc5 Ke6 62.Kxb5 Ke5 63.Nc5 Kf4
64.g5 Kg4 65.Kc4 Kxh4 66.b5 Bc1 67.Ne6 Be3 68.Kd5 Kg4 69.Ke5 Kf3 70.Nd4+ Kg4
71.b6 Bxg5 72.Ne6 Bh4 73.b7 Bg3+ 74.Kf6 Bb8 75.Kxg6 Kf3 76.Kf7 Ke4 77.Ke7 Kd5
78.Kd7 Ba7 79.Nf4+ Kc5 80.Kc8 Kc6 81.Ng6 Kd6 82.Nf8 Kc6 83.Ne6 Kd6 84.Nd8 Kc5
85.Kc7 Bb6+ 86.Kd7 Ba7 87.Ne6+ Kb6 88.Kc8 Kc6 89.Nd4+ Kc5 90.Nf5 Kc6 91.Ne3 Kd6
92.Nc4+ Kc6 93.Ne5+ Kd6 94.Ng4 Kc6 95.Nf6 Kd6 96.Ng8 Kc6 97.Nh6 Kd6 98.Nf5+ Kc6
99.Nd4+ Kc5 100.Nc2 Kc6 101.Nb4+ Kb5 102.Nd5 Kc6 103.Nc7 Kb6 104.Ne6 Kc6
105.Nd8+ Kd6 106.Nf7+ Kc6 107.Ne5+ Kd6 108.Nd3 Kc6 109.Nb4+ Kb5 110.Nd5 Kc6
111.Ne7+ Kd6 112.Kd8 Bb6+ 113.Kc8 Ba7 114.b8=Q+  1/2-1/2

[Event "New York op"]
[Site "New York"]
[Date "1998.03.16"]
[Round "1"]
[White "Onischuk, Alexander"]
[Black "Cooke, Eric"]
[Result "1-0"]
[WhiteElo "2610"]
[BlackElo "2265"]

1.e4 e6 2.d4 d5 3.Nd2 Nf6 4.e5 Nfd7 5.c3 c5 6.Bd3 Nc6 7.Ne2 cxd4 8.cxd4 f6
9.exf6 Nxf6 10.O-O Bd6 11.Nf3 Qc7 12.Bg5 O-O 13.Rc1 Bd7 14.Bh4 Be8 15.Bg3 Bxg3
16.Nxg3 Qb6 17.Qd2 Bd7 18.Bb1 Rac8 19.Rc3 Na5 20.b3 Rxc3 21.Qxc3 Rc8 22.Qd2 Nc6
23.Rc1 Nb4 24.Re1 a5 25.Ne5 Be8 26.Ne2 Nc6 27.Rc1 Ne7 28.Re1 Nc6 29.Nxc6 Rxc6
30.h3 Bf7 31.Nf4 a4 32.Re3 Qc7 33.Ne2 Bh5 34.bxa4 Bxe2 35.Rxe2 Rc1+ 36.Re1 Rxe1+
37.Qxe1 Kf7 38.Bd3 Nd7 39.Qd2 e5 40.Qg5 Qc3 41.Qh5+ Ke7 42.Qxh7 exd4 43.Qxg7+ Kd6
44.Bb5 Qe1+ 45.Kh2 Ne5 46.f4 Nc6 47.Qxb7 Na5 48.Qb6+ Ke7 49.Qxd4  1-0

[Event "New York op"]
[Site "New York"]
[Date "1998.03.17"]
[Round "4"]
[White "Smirin, Ilia"]
[Black "Onischuk, Alexander"]
[Result "1/2-1/2"]
[WhiteElo "2590"]
[BlackElo "2610"]

1.c4 e5 2.Nc3 Nf6 3.Nf3 Nc6 4.d4 exd4 5.Nxd4 Bb4 6.Bg5 O-O 7.Rc1 Re8 8.e3 h6
9.Bh4 Nxd4 10.Qxd4 c5 11.Qd6 Re6 12.Qd1 Qa5 13.Bxf6 Rxf6 14.a3 Bxc3+ 15.Rxc3 d6
16.Be2 Bd7 17.Bf3 Rb8 18.O-O b5 19.cxb5  1/2-1/2

[Event "New York op"]
[Site "New York"]
[Date "1998.03.18"]
[Round "5"]
[White "Onischuk, Alexander"]
[Black "Gulko, Boris F"]
[Result "1-0"]
[WhiteElo "2610"]
[BlackElo "2585"]

1.e4 e6 2.d4 d5 3.Nd2 c5 4.exd5 Qxd5 5.Ngf3 cxd4 6.Bc4 Qd6 7.O-O Nf6 8.Nb3 Nc6
9.Nbxd4 Nxd4 10.Nxd4 Be7 11.Be3 O-O 12.Qf3 Qc7 13.Bb3 Bd7 14.h3 Rac8 15.Rad1 b5
16.Rfe1 Rfe8 17.Bf4 Qb6 18.a3 b4 19.axb4 Bxb4 20.c3 Be7 21.Be5 a5 22.Ra1 Ra8
23.Bc2 Rac8 24.Re2 Red8 25.Rae1 Be8 26.Qg3 Bb5 27.Re4 Nh5 28.Qe3 Bf6 29.g4 Be8
30.gxh5 Bxe5 31.Rxe5 Rxd4 32.cxd4 Rxc2 33.h6 Qd8 34.d5 Rxb2 35.dxe6 fxe6
36.Rxe6 Bf7 37.Qe5 gxh6 38.Qxb2 Bxe6 39.Rxe6 Qd1+ 40.Kh2  1-0

[Event "Presidents Cup"]
[Site "Elista"]
[Date "1998.05.08"]
[Round "1.2"]
[White "Salov, Valery"]
[Black "Onischuk, Alexander"]
[Result "1/2-1/2"]
[WhiteElo "2680"]
[BlackElo "2610"]

1.d4 d5 2.c4 e6 3.Nf3 c6 4.Qc2 Bd6 5.g3 f5 6.Bf4 Bxf4 7.gxf4 Nf6 8.e3 O-O
9.Nc3 Nbd7 10.Bd3 Ne4 11.O-O-O b6 12.cxd5 cxd5 13.Kb1 Bb7 14.Bxe4 fxe4 15.Nd2 Ba6
16.Ka1 Bd3 17.Qb3 b5 18.f3 Bc4 19.Nxc4 bxc4 20.Qc2 exf3 21.Rhf1 Rb8 22.Rxf3 Nf6
23.f5 Qe7 24.e4 dxe4 25.Nxe4 exf5 26.Qxc4+ Kh8 27.Nc5 Qd6 28.Rxf5 Qxh2 29.Nd3 Rfc8
30.Rc5 Rd8 31.b3 Qe2 32.Nb2 Qf3 33.d5 Ne4 34.Rc7 Qg2  1/2-1/2

[Event "Tan Chin Nam"]
[Site "Beijing"]
[Date "1998.06.08"]
[Round "1"]
[White "Xie Jun"]
[Black "Onischuk, Alexander"]
[Result "1-0"]
[WhiteElo "2485"]
[BlackElo "2610"]

1.e4 e5 2.Nf3 Nc6 3.Bb5 a6 4.Ba4 Nf6 5.O-O Bc5 6.d3 d6 7.h3 b5 8.Bb3 Na5
9.Nc3 Nxb3 10.axb3 Bb7 11.Be3 Bxe3 12.fxe3 O-O 13.Qe1 c5 14.Rd1 Qe7 15.Qg3 Kh8
16.Rd2 b4 17.Nd1 g6 18.Rdf2 Nh5 19.Qg4 Ng7 20.Qg5 f6 21.Qh6 Ne6 22.Nh2 Ng7
23.Qh4 Rf7 24.Ng4 f5 25.Qxe7 Rxe7 26.Nh6 Rf8 27.g4 Bc8 28.gxf5 gxf5 29.exf5 Nh5
30.e4 d5 31.Kh2 dxe4 32.dxe4 Bb7 33.Re1 Rd7 34.Ne3 Nf6 35.Neg4 Nxe4 36.Rfe2 Ng5
37.Nxe5 Rd6 38.Rg1 Nf3+ 39.Nxf3 Rxh6 40.Ne5 Bc6 41.Rg5 Rhf6 42.Nxc6 Rxc6
43.Re6 Rfc8 44.Rxc6 Rxc6 45.Kg3 c4 46.bxc4 Rxc4 47.f6 Rxc2 48.Kf4 Rxb2 49.Ke5 Rf2
50.Ke6 h6 51.Rg3 Re2+ 52.Kd6 Rd2+ 53.Ke7 Re2+ 54.Kf8 Rc2 55.Rg8+ Kh7 56.Rg7+ Kh8
57.Rb7 b3 58.Rxb3 Kh7 59.f7 Re2 60.Rb8  1-0